Football Joueurs passés par le Dijon FCO par images - Statistiques

Statistiques générales
  • Ce quiz a été pris 83 fois
  • Le résultat moyen est 17 sur 30
Statistiques - réponses
Par images Réponse % Correct
Florent Balmont
84%
Pierre-Emerick Aubameyang
81%
Baptiste Reynet
80%
Nayef Aguerd
77%
Yoann Gourcuff
77%
Julio Tavares
75%
Federic Sammaritano
71%
Jordan Marié
68%
Naïm Sliti
68%
Pierre Lees-Melou
68%
Lois Diony
67%
Marvin Martin
67%
Daniel Congré
65%
Wesley Saïd
65%
Yassine Benzia
65%
Benjamin Jeannot
60%
Chang-Hoon Kwon
60%
Quentin Bernard
56%
Bryan Soumaré
55%
Fouad Chafik
55%
Robin Risser
55%
Alfred Gomis
45%
Yunis Abdelhamid
45%
Jessy Pi
37%
Mounir Chouiar
36%
Sacha Boey
28%
Paul Joly
25%
Mama Baldé
24%
Xande Silva
20%
Alex Dobre
19%
Aucun quiz correspondant
Distribution des résultats
% des personnes avec chaque résultat
Percentile par nombre de réponses
Votre historique - résultats
Vous n’avez pas pris ce quiz